Dictionnaire mémento d'électronique
Αποθηκεύτηκε σε:
| Κύριοι συγγραφείς: | , |
|---|---|
| Μορφή: | Βιβλίο |
| Γλώσσα: | Γαλλικά |
| Έκδοση: |
París
Dunod
1969
|
| Θέματα: | |
| Ετικέτες: |
Προσθήκη ετικέτας
Δεν υπάρχουν, Καταχωρήστε ετικέτα πρώτοι!
|
MARC
| LEADER | 00000nam a2200000 a 4500 | ||
|---|---|---|---|
| 001 | UCU7900 | ||
| 003 | CL-VaPUC | ||
| 008 | 960705e19690000FR |||||||||||||||||fre|d | ||
| 082 | 0 | 4 | |a 621.3 |b BRO |2 21 |
| 100 | 0 | |a Brosset, R |e author |9 367026 | |
| 700 | 0 | |a Fondanèche, P |e author |9 367027 | |
| 245 | 1 | 0 | |a Dictionnaire mémento d'électronique |
| 300 | |a 504 p | ||
| 942 | |c BK | ||
| 945 | |d 19960705 00:00:00 |a paguirre | ||
| 260 | |a París |b Dunod |c 1969 | ||
| 650 | 0 | |a Electrónica |9 263192 | |
| 650 | 0 | |a Diccionarios |9 256200 | |
| 650 | 7 | |a MATERIALES DE REFERENCIA |2 CL-VaPUC |9 362402 | |
| 650 | 7 | |a TERMINOLOGIA |2 CL-VaPUC |9 254881 | |
| 583 | |a last modification |c 19960705 00:00:00 |k Rodrigo Vera | ||
| 999 | |c 250451 |d 250449 | ||
| 952 | |0 0 |1 0 |4 0 |6 621_300000000000000_BRO_1969 |7 0 |8 X |9 268456 |a BIBING |b BIBING |d 2019-11-19 |i 1702661 |o 621.3 BRO 1969 |p 1702661 |r 2025-01-20 |w 2019-11-19 |y BK_X |k EIE | ||